Sports Quiz

Random Sports Quiz
Score 0/17 Timer 05:00
0 Plays Today
Goals Club % Correct
8Real Madrid
100%
6Manchester City
97.6%
2Manchester Utd
96.3%
2Barcelona
95.1%
2Arsenal
91.5%
2Chelsea
91.5%
4Bayern Munich
90.2%
2Borussia Dortmund
69.5%
3AC Milan
68.3%
Goals Club % Correct
3CSKA Moscow
61%
2Dynamo Kiev
61%
2*Olympiakos
52.4%
4*Wolfsburg
34.1%
3Sunderland
34.1%
2Brondby
29.3%
2PAOK
23.2%
2Viktoria Plzen
17.1%
Remove Ads.
Support Sporcle.
Get the best of Sporcle when you Go Orange. This ad-free experience offers more features, more stats, and more fun while also helping to support Sporcle. Thank you for becoming a member.

You're not logged in!

Compare scores with friends on all Sporcle quizzes.
OR
Log In

Show Comments

Extras

Created Jun 29, 2012ReportNominate
Tags:2012, club, Euro 2012, goal, League, Player

Top Quizzes Today


Score Distribution

Your Account Isn't Verified!

In order to create a playlist on Sporcle, you need to verify the email address you used during registration. Go to your Sporcle Settings to finish the process.

Report this User

Report this user for behavior that violates our Community Guidelines.

Details: